000 00805nam a2200277Ia 4500
003 OSt
005 20220926005212.0
006 a|||||r|||| 00| 0
007 ta
008 220923b |||||||| |||| 00| 0 eng d
020 _a080399527X
037 _cGeneral Book
040 _aRTL
_cRTL
_beng
041 _2eng
_aeng
082 _aY9(T).2.N8, M7/TD
100 _aGhosh Ratna
_9309844
245 0 _aEducation and the process of change
260 _a New Delhi
_bSage Publications
_c1987
300 _a301p.
_ccm.
500 _aBibliography Chapterwise
650 _a Sociology
650 _aSociology of Education
700 _a Zacharian Mathew Ed.
_9309845
942 _hY9(T).2.N8, M7/TD
_cGB
_2CC
999 _c613146
_d613146